[Event "Olympiad Women 2024"]
[Site "Budapest HUN"]
[Date "2024.09.21"]
[Round "10.39"]
[Board "4"]
[White "Watson, Gabriella"]
[Black "Berezovska, Svetlana"]
[Result "0-1"]
[WhiteElo "1826"]
[BlackElo "1869"]
[PlyCount "58"]
[EventDate "2024.09.11"]
[WhiteTeam "Jamaica"]
[BlackTeam "Monaco"]
[WhiteTeamCountry "JAM"]
[BlackTeamCountry "MNC"]

1. d4 d5 2. Bf4 c5 3. e3 Qb6 4. Nc3 cxd4 ({RR} 4... e6 5. Bxb8 Rxb8 6. Bb5+ Kd8 7. dxc5 Qxc5 8. Nf3 Nf6 9. Qe2 Bd6 10. O-O-O a6 11. Ba4 b5 12. Bb3 b4 13. Na4 Qb5 14. Rd3 Bd7 15. Nd4 Qa5 16. e4 Nxe4 17. Qg4 g5 18. Re1 Nxf2 19. Qxg5+ {0-1 Gunina,V (2517)-Galliamova,A (2468) World-ch (Women) k.o. 2012 (2.9)}) ({RR} 4... e6 5. Nb5 Na6 6. a4 Qa5+ 7. c3 c4 8. Nd6+ Bxd6 9. Bxd6 Qd8 10. Ba3 Ne7 11. b3 cxb3 12. Qxb3 Nc7 13. Nf3 O-O 14. Bd3 b6 15. Qc2 h6 16. g4 f5 17. Ne5 Rf6 18. h4 fxg4 19. Nxg4 {1-0 Unuk,L (2346)-Paasikangas,J (2038) European Women Rapid 2023 2024 (5.20)}) 5. exd4 Nf6 $146 ({RR} 5... e6 6. Nb5 Na6 7. a4 Nf6 8. Nf3 Be7 9. Bd3 O-O 10. c3 Ne4 11. Qc2 f5 12. Ne5 Qd8 13. O-O Bg5 14. Bxg5 Nxg5 15. Qe2 Nb8 16. Rae1 Nc6 17. Na3 Ne4 18. Nc2 Nxe5 19. dxe5 Bd7 20. Nd4 {1-0 Balacek,T (2298)-Cesal,J (2177) CZE-chT1W 1819 2018 (6.4)}) ({RR} 5... e6 6. a3 Nf6 7. Nf3 Be7 8. Bd3 Bd7 9. b4 O-O 10. O-O Rc8 11. Bd2 a6 12. Qe2 Be8 13. Rfe1 Nbd7 14. Na4 Qc7 15. Nc5 Nf8 16. Ne5 Bb5 17. Bxb5 axb5 18. Qxb5 b6 19. Ncd3 Ne4 20. Re2 {0-1 Guenther,M-Cordts,I (2276) Karl Mala Memorial op 05th 2001 (3.13)}) 6. Rb1 Bf5 7. Nf3 Nc6 8. a3 e6 9. Be2 a6 10. O-O Be7 11. h3 O-O 12. b4 Rfc8 13. b5 axb5 14. Rxb5 Qd8 15. Rxb7 Na5 16. Rb5 Rxc3 17. a4 Rcc8 18. Bd3 Bxd3 19. Qxd3 Nc4 20. Qb3 h6 21. Ra1 Ne4 22. Ne5 Nxe5 23. Bxe5 Rc3 24. Qb2 Qc8 25. Ra2 Bd6 26. a5 Bxe5 27. dxe5 Rc6 28. Rb4 Rca6 29. Qa3 Qc5 0-1

[Event "Olympiad Women 2024"]
[Site "Budapest HUN"]
[Date "2024.09.21"]
[Round "10.40"]
[Board "1"]
[White "O'Gorman, Alice"]
[Black "Castillo Beitia, Ashley Alexandra"]
[Result "0-1"]
[WhiteElo "1996"]
[BlackElo "2071"]
[PlyCount "72"]
[EventDate "2024.09.11"]
[WhiteTeam "Ireland"]
[BlackTeam "Panama"]
[WhiteTeamCountry "IRL"]
[BlackTeamCountry "PAN"]

1. e4 c5 2. Nf3 d6 3. c3 Nf6 4. Be2 Nc6 5. d4 cxd4 6. cxd4 Nxe4 7. d5 Qa5+ 8. Nc3 Nxc3 9. bxc3 Ne5 10. Nxe5 Qxc3+ 11. Bd2 Qxe5 12. Be3 ({RR} 12. Rb1 g6 13. O-O Bg7 14. Bb5+ Kf8 15. Re1 Qxd5 16. Qe2 Be6 17. Bd3 Rb8 18. Be4 Qc4 19. Qf3 b6 20. Rbc1 Qxa2 21. Bc3 Be5 22. Bxe5 dxe5 23. Qc3 Qa5 24. Qc7 Kg7 25. Qxe7 Rhe8 26. Qg5 h6 {0-1 Zhu,L (1980)-Roux,B (2361) Titled Tue 30th Apr Late 2024 (6)}) 12... Qc3+ 13. Kf1 Bd7 14. Rb1 b6 $146 ({RR} 14... Qc8 15. Rc1 Qd8 16. Qb3 b6 17. Ba6 e5 18. Qa3 Rb8 19. f4 f6 20. fxe5 fxe5 21. Ke1 Be7 22. Rf1 Rf8 23. Rxf8+ Kxf8 24. Bd3 Kg8 25. Qxa7 Bf8 26. Rc7 Be8 27. Bxb6 Ra8 28. Qb7 Rb8 29. Qa6 {0-1 Hetman,R (2002)-Czapiewski,W (1871) POL-chT3 Kujawsko Pomorskie 0910 2009 (9.4)}) ({RR} 14... Qc7 15. Qb3 b6 16. Ba6 e6 17. dxe6 fxe6 18. Rc1 Qd8 19. a4 Be7 {0-1 Carreno Acevedo,J (1882)-Jaimes,F (1818) Uni De Paula Santander op 2nd 2016 (7)}) 15. Bd4 Qa5 16. Rc1 Qxd5 17. Bc4 Bb5 18. Qb3 Bxc4+ 19. Rxc4 e6 20. Qc2 Be7 21. Bxg7 Rg8 22. Rg4 Bf6 23. Ke2 Rxg7 24. Rxg7 Bxg7 25. Rd1 Qb5+ 26. Ke1 Ke7 27. Qc7+ Qd7 28. Qc4 Rc8 29. Qh4+ Bf6 30. Qxh7 Rh8 31. Qe4 Rxh2 32. g3 Qb5 33. Rc1 Qe5 34. Rc7+ Kf8 35. Qxe5 Bxe5 36. Rxa7 Bd4 0-1

[Event "Olympiad Women 2024"]
[Site "Budapest HUN"]
[Date "2024.09.21"]
[Round "10.40"]
[Board "2"]
[White "Chung Hurtado, Yaleika"]
[Black "Mirza, Diana"]
[Result "1/2-1/2"]
[WhiteElo "1832"]
[BlackElo "1962"]
[PlyCount "106"]
[EventDate "2024.09.11"]
[WhiteTeam "Panama"]
[BlackTeam "Ireland"]
[WhiteTeamCountry "PAN"]
[BlackTeamCountry "IRL"]

1. d4 Nf6 2. Nf3 g6 3. g3 c5 4. Bg2 cxd4 5. Nxd4 Bg7 6. O-O O-O 7. c4 Nc6 8. Nxc6 bxc6 9. Qc2 ({RR} 9. Bg5 Rb8 10. Qc2 d5 11. cxd5 cxd5 12. Nc3 Bf5 13. Qd2 Ne4 14. Nxe4 Rxb2 15. Qe3 dxe4 16. Qxa7 Rxe2 17. Bxe7 Qa8 18. Qxa8 Rxa8 19. Rad1 e3 20. fxe3 Bh6 21. Rxf5 Bxe3+ 22. Kf1 Rxg2 23. Kxg2 gxf5 {1-0 Marksim Karki Abirami,S (1484)-Michelle Catherina,P (2165) Swiss Queens Wed #25 2024 (11.6)}) 9... Qc7 10. b3 a5 $146 ({RR} 10... d6 11. Bb2 a5 12. Nd2 a4 13. Ne4 Nxe4 14. Bxe4 axb3 15. axb3 Be6 16. b4 Bxb2 17. Qxb2 Bxc4 18. Rfc1 d5 19. Bg2 Qb6 20. Rxa8 Rxa8 21. Qc3 Rb8 22. Rb1 Qb5 23. Qe5 e6 24. e4 dxe4 25. Qxe4 {0-1 Joly,J (1820)-Louis Sidois,C (2055) Avoine op 32nd 2017 (4)}) 11. Bb2 Ba6 12. Nd2 Rac8 13. Rac1 Qb8 14. Rfe1 d5 15. e4 e6 16. Qb1 Rfd8 17. exd5 cxd5 18. cxd5 Nxd5 19. Bxg7 Kxg7 20. Qb2+ Kg8 21. Rxc8 Rxc8 22. Ne4 Qc7 23. Bf1 Bxf1 24. Kxf1 h5 25. Qd2 Qc2 26. Qxc2 Rxc2 27. Re2 Rc1+ 28. Re1 Rc6 29. Re2 h4 30. Kg2 Kg7 31. Rd2 hxg3 32. hxg3 a4 33. Rd3 f5 34. Ng5 Kf6 35. Nf3 a3 36. Nd4 Ra6 37. Nc2 g5 38. b4 Ra4 39. Rb3 Ke7 40. b5 Kd7 41. Rxa3 Rxa3 42. Nxa3 Nc3 43. Nc4 Nxa2 44. Kf3 Nc3 45. Ne5+ Kc7 46. g4 Nxb5 47. Nf7 Nd4+ 48. Kg3 f4+ 49. Kg2 Kd7 50. Nxg5 Ke7 51. Ne4 Kf7 52. Kh3 Kg6 53. Kg2 e5 1/2-1/2

[Event "Olympiad Women 2024"]
[Site "Budapest HUN"]
[Date "2024.09.21"]
[Round "10.40"]
[Board "3"]
[White "Gora, Antonina"]
[Black "Vasquez Jaen, Lourdes Lorena"]
[Result "1/2-1/2"]
[WhiteElo "1943"]
[BlackElo "1821"]
[PlyCount "115"]
[EventDate "2024.09.11"]
[WhiteTeam "Ireland"]
[BlackTeam "Panama"]
[WhiteTeamCountry "IRL"]
[BlackTeamCountry "PAN"]

1. e4 c5 2. Nf3 g6 3. d4 cxd4 4. Nxd4 Bg7 5. c4 Nc6 6. Be3 Nf6 7. Nc3 Ng4 8. Qxg4 Nxd4 9. Qd1 Ne6 10. Rc1 Qa5 11. Qd2 d6 12. Be2 g5 ({RR} 12... Nc5 13. f3 Be6 14. b3 O-O 15. Nd5 Qxd2+ 16. Kxd2 Bxd5 17. cxd5 a5 18. Bxc5 dxc5 19. Rxc5 Rfc8 20. Rc4 e6 21. dxe6 fxe6 22. Rd1 Kf8 23. Ke3 Ke7 24. f4 Rxc4 25. Bxc4 e5 26. f5 Rd8 27. Bd5 {1-0 Andreikin,D (2700)-Popov,I (2609) RUS-ch Higher League 65th 2012 (6)}) ({RR} 12... Nc5 13. f3 Be6 14. O-O O-O 15. Bd4 Rfc8 16. Bxg7 Kxg7 17. Qd4+ f6 18. f4 Qb6 19. b3 Nd7 20. Rfd1 Qxd4+ 21. Rxd4 a6 22. Rdd1 Rc7 23. Bf3 Rac8 24. Ne2 Nc5 25. g3 b5 26. b4 Na4 27. cxb5 {½-½ Franchini,G (2173)-Ilincic,Z (2261) FSIM March 2024 (6.5)}) 13. O-O Qe5 $146 ({RR} 13... h6 14. a3 Bd7 15. Rfd1 Be5 16. c5 Rd8 17. cxd6 Bxd6 18. Nd5 Qxd2 19. Rxd2 b6 20. Nf6+ exf6 21. Rxd6 Ke7 22. Rd2 Ba4 23. Kf1 Rxd2 24. Bxd2 Rd8 25. Bb4+ Ke8 26. g3 a5 27. Bc3 Ke7 28. Kg2 {½-½ Moingt,A (2115)-Goihl,M BL 9900 (Women) 1999 (8.6)}) ({RR} 13... Be5 14. Bg4 Rg8 15. Rfd1 Nc5 16. Bxc8 Rxc8 17. f3 g4 18. Kh1 gxf3 19. gxf3 Ne6 20. b3 Kd7 21. Nd5 Qxd2 22. Rxd2 b6 23. Rcd1 Bh8 24. Rg1 Rxg1+ 25. Kxg1 Rg8+ 26. Kf2 Nd8 27. Bf4 Nc6 28. Bg3 {1-0 Scoones,D-Greben,J NWC March Vancouver 1980}) ({RR} 13... Be5 14. Rfd1 Bf4 15. g3 Bxe3 16. Qxe3 Qc5 17. Qxc5 Nxc5 18. Nd5 Kf8 19. Bf3 Nd7 20. Bg2 g4 21. Rc3 Rb8 22. h3 gxh3 23. Bxh3 h5 24. Kg2 h4 25. Bxd7 Bxd7 26. Rh1 h3+ 27. Kh2 f6 28. f3 {1-0 Alekseev,E (2510)-Kulicov,O (2430) RUS-Cup Tula 2001 (4)}) 14. Rfd1 b6 15. b4 O-O 16. Nd5 Re8 17. f3 Bb7 18. Bf1 h5 19. Qf2 Kf8 20. g3 Bh6 21. Bh3 Rac8 22. Qd2 Qg7 23. Kh1 Rb8 24. Rf1 Bc8 25. Bxe6 fxe6 26. Nc7 Rd8 27. Nb5 Rb7 28. f4 g4 29. f5 Bxe3 30. fxe6+ Kg8 31. Qxe3 Bxe6 32. Nd4 Bc8 33. Nf5 Qg6 34. Nh6+ Kh7 35. Rf7+ Kh8 36. Rcf1 a5 37. Rf8+ Rxf8 38. Rxf8+ Kh7 39. Rxc8 e6 40. Qf4 Qg7 41. Rf8 Qa1+ 42. Qf1 Qxf1+ 43. Rxf1 Kxh6 44. Rf6+ Kg7 45. Rxe6 Rd7 46. a3 axb4 47. axb4 Rc7 48. Rxd6 Rxc4 49. Rxb6 Rxe4 50. b5 Re1+ 51. Kg2 Re2+ 52. Kg1 Rb2 53. Rb7+ Kg6 54. b6 Rb1+ 55. Kf2 Rb2+ 56. Kg1 Rb1+ 57. Kf2 Rb2+ 58. Kg1 1/2-1/2

[Event "Olympiad Women 2024"]
[Site "Budapest HUN"]
[Date "2024.09.21"]
[Round "10.40"]
[Board "4"]
[White "Carrillo Marval, Maria Angelica"]
[Black "Putar, Lara"]
[Result "0-1"]
[WhiteElo "1795"]
[BlackElo "1911"]
[PlyCount "70"]
[EventDate "2024.09.11"]
[WhiteTeam "Panama"]
[BlackTeam "Ireland"]
[WhiteTeamCountry "PAN"]
[BlackTeamCountry "IRL"]

1. e4 e6 2. d4 d5 3. exd5 exd5 4. Nf3 Nc6 5. h3 Bf5 6. Bd3 Bxd3 7. Qxd3 Bd6 ({RR} 7... Qd7 8. Be3 Bd6 9. Nc3 Nge7 10. O-O-O f6 11. Ne2 Nb4 12. Qb3 a5 13. Kb1 a4 14. Qc3 Ra6 15. Qd2 Nbc6 16. Bf4 Na5 17. Bxd6 Nc4 18. Qd3 Nxd6 19. Nd2 O-O 20. Rhe1 Ng6 21. Qf3 Qf5 22. Qxf5 {½-½ Sekar,B (2263)-Sitnikov,A (2362) 19th Tamil Nadu IM 2024 (8.4)}) 8. Nc3 Nge7 9. O-O Qd7 10. Nb5 $146 ({RR} 10. Ne2 O-O-O 11. Bf4 f6 12. c3 h5 13. b4 Bxf4 14. Nxf4 g5 15. Ne2 g4 16. Nh4 Rhg8 17. Nf4 Qd6 18. Qg3 gxh3 19. Qxh3+ Kb8 20. Nd3 Ng6 21. Nf5 Nf4 22. Qf3 Nxg2 23. Nxd6 Ne1+ 24. Qg3 Nxd3 {0-1 Sztokbant,B (2149)-Ozen,D (2407) Titled Tuesday intern op 3rd April blitz 2018 (2)}) 10... O-O-O 11. c3 f6 12. Nxd6+ Qxd6 13. a4 g5 14. Nh2 h5 15. Re1 Rde8 16. b3 Rhg8 17. Ba3 Qd7 18. Bxe7 Nxe7 19. Qh7 g4 20. h4 g3 21. fxg3 Rxg3 22. Ra2 Ng6 23. Qxd7+ Kxd7 24. Rxe8 Kxe8 25. Nf3 Rg4 26. Rf2 Ke7 27. Re2+ Kf7 28. Rf2 Ke6 29. Re2+ Kf5 30. Kh2 Nf4 31. Rf2 Ke4 32. g3 Ke3 33. Rf1 Ke2 34. Re1+ Kxf3 35. gxf4 Kf2 0-1

[Event "Olympiad Women 2024"]
[Site "Budapest HUN"]
[Date "2024.09.21"]
[Round "10.41"]
[Board "1"]
[White "February, Jesse Nikki"]
[Black "Pipiras, Filipa Fortuna"]
[Result "1-0"]
[WhiteElo "2013"]
[BlackElo "2187"]
[PlyCount "91"]
[EventDate "2024.09.11"]
[WhiteTeam "South Africa"]
[BlackTeam "Portugal"]
[WhiteTeamCountry "RSA"]
[BlackTeamCountry "POR"]

1. e4 c5 2. Nf3 e6 3. Be2 Nc6 4. O-O d6 ({RR} 4... g5 5. c3 Bg7 6. d3 g4 7. Ne1 h5 8. Be3 d6 9. Nd2 Nge7 10. Nc2 f5 11. f3 Ng6 12. d4 f4 13. Bf2 g3 14. hxg3 Qg5 15. Qe1 cxd4 16. cxd4 fxg3 17. Bxg3 Nxd4 18. Nxd4 Bxd4+ 19. Kh1 {1-0 Palac,M (2571)-Saric,I (2576) CRO-ch playoff 2009 (2)}) 5. c3 ({RR} 5. c4 g6 6. d4 cxd4 7. Nxd4 Bg7 8. Nb5 Bf8 9. Bf4 e5 10. Be3 a6 11. N5c3 Bg7 12. Nd5 f5 13. Bb6 Qd7 14. Nc7+ Kf8 15. Nxa8 Nge7 16. Nc7 fxe4 17. Nd5 Nf5 18. Bg4 h5 19. Bh3 Qe8 {1-0 Vershinin,I (1937)-Ratataev,I (1835) Moscow City Team-ch 2021 (6)}) 5... Nf6 6. Qc2 Bd7 $146 ({RR} 6... Be7 7. d4 b6 8. Bf4 d5 9. e5 Ne4 10. Nbd2 Nxd2 11. Qxd2 a5 12. Rfe1 cxd4 13. Nxd4 Nxd4 14. Qxd4 Bc5 15. Qd1 Ba6 16. Bxa6 Rxa6 17. Qg4 g6 18. Bh6 Ra7 19. Qh3 Bf8 20. Bxf8 Kxf8 21. Rad1 {0-1 Gagua,N (1458)-Micheli,E (1359) FRA-ch U12 Girls 2019 (8)}) 7. d4 d5 8. exd5 exd5 9. dxc5 Bxc5 10. Bg5 h6 11. Bh4 O-O 12. Nbd2 Rc8 13. Nb3 Bb6 14. Rad1 g5 15. Bg3 Ne4 16. Nfd4 f5 17. Nxc6 bxc6 18. Be5 Qe7 19. Bd4 c5 20. Be3 f4 21. Bc1 Ba4 22. c4 d4 23. Rfe1 Ba5 24. Bf3 Bxe1 25. Rxe1 Rfe8 26. Bxe4 Kg7 27. f3 Qd6 28. Qd3 Qb6 29. Nd2 Qb4 30. a3 Qb6 31. b3 Bc6 32. Rd1 a5 33. Bxc6 Re3 34. Qf5 Qxc6 35. Ne4 Rxb3 36. Qe5+ Kg8 37. Nd6 Rc7 38. Re1 Rb6 39. Qe6+ Kh7 40. Qf5+ Kg7 41. Ne8+ Kg8 42. Nxc7 Qxc7 43. Re8+ Kg7 44. Qf8+ Kg6 45. Re7 Qc6 46. Qf7# 1-0

[Event "Olympiad Women 2024"]
[Site "Budapest HUN"]
[Date "2024.09.21"]
[Round "10.41"]
[Board "2"]
[White "Silva, Mariana"]
[Black "Badenhorst, Chloe"]
[Result "1-0"]
[WhiteElo "2005"]
[BlackElo "1981"]
[PlyCount "47"]
[EventDate "2024.09.11"]
[WhiteTeam "Portugal"]
[BlackTeam "South Africa"]
[WhiteTeamCountry "POR"]
[BlackTeamCountry "RSA"]

1. d4 d5 2. c4 dxc4 3. Nf3 Nf6 4. e3 e6 5. Bxc4 a6 6. O-O c5 7. e4 Nxe4 8. Qe2 Nd6 9. dxc5 Nxc4 10. Qxc4 Nc6 ({RR} 10... Be7 11. Nc3 O-O 12. Bf4 Nc6 13. b4 b5 14. Qb3 Nd4 15. Nxd4 Qxd4 16. Be3 Qg4 17. f3 Qg6 18. Rfd1 Bb7 19. Kf2 Bh4+ 20. Kf1 Rfd8 21. Rxd8+ Rxd8 22. Rd1 Rd3 23. Bf2 Bf6 24. Qc2 Rxd1+ 25. Qxd1 {1-0 Yedidia,J (2361)-Estrada Nieto,J (2199) Titled Tue 20th Feb Late 2024 (10)}) 11. Be3 $146 ({RR} 11. Nc3 Na5 12. Qg4 h5 13. Qe4 Bd7 14. Rd1 Nc6 15. Be3 Be7 16. Rd2 Qa5 17. Rad1 Rd8 18. a3 Qc7 19. b4 O-O 20. Bf4 Qc8 21. Bd6 Rfe8 22. Bxe7 Nxe7 23. Ng5 Nf5 24. Qf3 f6 25. Nge4 h4 {1-0 Hakobyan,A (2612)-Golubka,P (2421) Titled Tue 1st Aug Late 2023 (8)}) 11... Be7 12. Nc3 Bd7 13. Rad1 Qc7 14. Bf4 Qa5 15. Ne4 Na7 16. Qd4 Bc6 17. Qxg7 Rf8 18. Nd6+ Bxd6 19. Bxd6 O-O-O 20. Bxf8 Bxf3 21. gxf3 Nc6 22. Rxd8+ Qxd8 23. Bd6 Qe8 24. Qf8 1-0

[Event "Olympiad Women 2024"]
[Site "Budapest HUN"]
[Date "2024.09.21"]
[Round "10.41"]
[Board "3"]
[White "Klaasen, Robyn Julian"]
[Black "Silva, Ana Ines Teixeira Da"]
[Result "1-0"]
[WhiteElo "1764"]
[BlackElo "1925"]
[PlyCount "131"]
[EventDate "2024.09.11"]
[WhiteTeam "South Africa"]
[BlackTeam "Portugal"]
[WhiteTeamCountry "RSA"]
[BlackTeamCountry "POR"]

1. d4 d5 2. c4 e6 3. Nf3 Nf6 4. g3 h6 5. Bg2 Bd6 6. O-O O-O 7. b3 b6 8. cxd5 ({RR} 8. Nc3 Bb7 9. Bb2 Nbd7 10. Rc1 c5 11. cxd5 Nxd5 12. Nxd5 Bxd5 13. dxc5 Bxc5 14. b4 Be7 15. Nd4 Bxg2 16. Kxg2 Bf6 17. Nc6 Qe8 18. Bxf6 Nxf6 19. Qd6 Kh7 20. Rfd1 Ne4 21. Qe5 f5 22. Nd4 Rf6 {1-0 Ding,L (2799)-Artemiev,V (2704) Goldmoney Asian Prelim rapid 2021 (1.2)}) 8... exd5 9. Nc3 Bb7 10. Nb5 $146 ({RR} 10. Bb2 c5 11. Rc1 Nbd7 12. e3 Rc8 13. Re1 Re8 14. Re2 a6 15. dxc5 bxc5 16. Rd2 Nb6 17. Nh4 Be5 18. Nf5 Qd7 19. Nh4 Qe6 20. Nf3 Bxc3 21. Bxc3 Ne4 22. Rdc2 Nd7 23. Ba1 a5 24. Qe1 a4 {0-1 Castellanos Rodriguez,R (2469)-Tari,A (2631) Titled Tue 26th Mar Late 2024 (8)}) 10... Nc6 11. Nxd6 cxd6 12. Bb2 Re8 13. Re1 Rc8 14. Ba3 Ne4 15. Rc1 Qf6 16. Qd3 a6 17. e3 Ne7 18. Rxc8 Bxc8 19. Rf1 b5 20. Nd2 Ng5 21. Kh1 Bf5 22. Qe2 Qg6 23. Rc1 Bd3 24. Qd1 a5 25. Bb2 Ne4 26. Nxe4 dxe4 27. Bf1 Bxf1 28. Qxf1 Qf5 29. Rc2 b4 30. Kg1 Rc8 31. Rc4 Nd5 32. Qc1 Rxc4 33. bxc4 Nf6 34. c5 dxc5 35. Qxc5 Qh3 36. Qb5 Ng4 37. Qe8+ Kh7 38. Qxe4+ g6 39. Qg2 Qh5 40. h3 Nf6 41. g4 Qd5 42. Qxd5 Nxd5 43. Kf1 Kg7 44. Ke2 Kf6 45. Kd3 Ke6 46. Kc4 Kd6 47. e4 Nf4 48. h4 h5 49. gxh5 gxh5 50. Bc1 Ng6 51. Bg5 Ke6 52. f4 Nf8 53. f5+ Kd7 54. e5 Kc6 55. Bd8 a4 56. Kxb4 Kd5 57. Bb6 f6 58. e6 Nxe6 59. fxe6 Kxe6 60. Kxa4 Kd5 61. Kb4 f5 62. Kc3 Ke4 63. Bc7 f4 64. Bxf4 Kxf4 65. a4 Ke4 66. Kc4 1-0

[Event "Olympiad Women 2024"]
[Site "Budapest HUN"]
[Date "2024.09.21"]
[Round "10.41"]
[Board "4"]
[White "Avelino, Camila Biscaya"]
[Black "Strong, Davida"]
[Result "1-0"]
[WhiteElo "1843"]
[BlackElo "1733"]
[PlyCount "101"]
[EventDate "2024.09.11"]
[WhiteTeam "Portugal"]
[BlackTeam "South Africa"]
[WhiteTeamCountry "POR"]
[BlackTeamCountry "RSA"]

1. e4 e6 2. d4 d5 3. Nd2 c5 4. exd5 Qxd5 5. Ngf3 cxd4 6. Bc4 Qd7 7. O-O a6 8. a4 Nc6 9. Nb3 Nf6 10. Nbxd4 Nxd4 11. Qxd4 Qxd4 12. Nxd4 Bd7 13. Be3 Rc8 14. Bb3 Bc5 15. Rad1 h6 16. Rfe1 O-O 17. Nf3 Bxe3 18. Rxe3 Bc6 19. Ne5 Bd5 20. Red3 $146 ({RR} 20. Bxd5 Nxd5 21. Re2 {½-½ Khegay,Y (1732)-Yedigaryan,A (1342) Wch U12 Girls 2016 (11)}) 20... b5 21. axb5 axb5 22. h3 Bxb3 23. Rxb3 Rc5 24. Nd7 Nxd7 25. Rxd7 Rb8 26. c3 Rc4 27. Ra3 b4 28. cxb4 Rcxb4 29. Raa7 Rf4 30. Rab7 Rb4 31. Ra7 Rf4 32. Rab7 Rb4 33. Rxb8+ Rxb8 34. Rd2 Kf8 35. Kf1 Ke7 36. Ke2 f5 37. Kd1 g5 38. Kc2 Rc8+ 39. Kd1 e5 40. b4 Rd8 41. Rxd8 Kxd8 42. Kd2 Kd7 43. Kd3 h5 44. Kc4 Kc6 45. b5+ Kd6 46. b6 Kc6 47. b7 Kxb7 48. Kd5 e4 49. Ke5 g4 50. hxg4 hxg4 51. g3 1-0

[Event "Olympiad Women 2024"]
[Site "Budapest HUN"]
[Date "2024.09.21"]
[Round "10.42"]
[Board "1"]
[White "Timergazi, Layla"]
[Black "Ampaire, Shakira"]
[Result "1-0"]
[WhiteElo "1979"]
[BlackElo "1839"]
[PlyCount "81"]
[EventDate "2024.09.11"]
[WhiteTeam "New Zealand"]
[BlackTeam "Uganda"]
[WhiteTeamCountry "NZL"]
[BlackTeamCountry "UGA"]

1. d4 d5 2. c4 e6 3. Nc3 Nf6 4. Nf3 Bb4 5. g3 O-O 6. Bg2 Ne4 7. Qd3 ({RR} 7. Qc2 Nd7 8. O-O Bxc3 9. bxc3 Nb6 10. Ne5 f6 11. cxd5 exd5 12. Nd3 Re8 13. f3 Nd6 14. e4 dxe4 15. fxe4 Nxe4 16. Nf4 Nd6 17. Bd2 Bf5 18. Qb3+ Kh8 19. Rae1 Qd7 20. Nd5 Be4 21. Nxb6 axb6 {½-½ Bluebaum,M (2658)-Alekseenko,K (2650) Chessable Play-In Match D3 2024 (1.4)}) 7... Nc6 $146 ({RR} 7... Nd7 8. O-O Bxc3 9. bxc3 c6 10. cxd5 cxd5 11. c4 Ndf6 12. Rb1 dxc4 13. Qxc4 Bd7 14. Ba3 Re8 15. Rxb7 Qa5 16. Bb4 Qa4 17. Ne5 Bc8 18. Rxf7 Ba6 19. Rxg7+ Kxg7 20. Bf8+ Kxf8 21. Qxa4 Bb7 22. Qb4+ {1-0 Toel,K (2072)-Koetting,H (1825) Dortmund Sparkassen op-A 2006 (4)}) ({RR} 7... c5 8. O-O Bxc3 9. bxc3 Nc6 10. Ne5 Nxe5 11. dxe5 f5 12. f3 Ng5 13. cxd5 exd5 14. Bxg5 Qxg5 15. f4 Qe7 16. Bxd5+ Be6 17. c4 Rfd8 18. Rfd1 Kh8 19. Qf3 Rab8 20. Rab1 b6 21. Rd3 Bxd5 22. Rxd5 {1-0 Goltseva,E (2378)-Preobrazhenskaya,D (2068) Swiss Queens Wed #33 2024 (6.111)}) ({RR} 7... b6 8. cxd5 exd5 9. O-O Ba6 10. Qc2 Bxc3 11. bxc3 Nd7 12. Re1 Re8 13. Bf4 Qe7 14. Ne5 Nxe5 15. Bxe5 Bb7 16. f3 Nd6 17. e4 Nc4 18. Bf4 Qd7 19. e5 f6 20. exf6 gxf6 21. Bf1 Ba6 22. Bd3 {½-½ Green,E (2320)-Weir,P NZL-ch Auckland 1979 (8)}) ({RR} 7... c5 8. O-O Bxc3 9. bxc3 b6 10. Nd2 Nxd2 11. Qxd2 cxd4 12. cxd5 dxc3 13. Qxc3 exd5 14. Bb2 f6 15. Rfd1 Bb7 16. Qb3 Kh8 17. Ba3 Rg8 18. Rac1 Nd7 19. Bxd5 Bxd5 20. Rxd5 Qe8 21. Rc7 Ne5 22. Bb2 {1-0 Van Beers,E (2240)-Rosandic,D (2280) Cannes op-B 18th 1997 (5)}) 8. O-O Nxc3 9. bxc3 Be7 10. Bf4 Bd6 11. Bxd6 Qxd6 12. Nd2 Ne7 13. e4 c6 14. c5 Qc7 15. a4 Qa5 16. Nb3 Qc7 17. a5 Bd7 18. f4 f5 19. exd5 cxd5 20. Rfb1 a6 21. Bf1 Rae8 22. Nd2 Nc6 23. Rb6 Na7 24. c4 Bc6 25. Bg2 Rd8 26. Nf1 dxc4 27. Qxc4 Bd5 28. Bxd5 exd5 29. Qd3 Nb5 30. Rc1 Rf6 31. Ne3 Rxb6 32. axb6 Qd7 33. Nxf5 Re8 34. Nh4 Re4 35. Nf3 Qe8 36. Kf2 Qh5 37. c6 bxc6 38. b7 Re8 39. Rxc6 Qh3 40. f5 Na7 41. Rxa6 1-0

[Event "Olympiad Women 2024"]
[Site "Budapest HUN"]
[Date "2024.09.21"]
[Round "10.42"]
[Board "2"]
[White "Sana Omprakash Kayyar"]
[Black "Zhang, Jasmine Haomo"]
[Result "0-1"]
[WhiteElo "1937"]
[BlackElo "1956"]
[PlyCount "102"]
[EventDate "2024.09.11"]
[WhiteTeam "Uganda"]
[BlackTeam "New Zealand"]
[WhiteTeamCountry "UGA"]
[BlackTeamCountry "NZL"]

1. d4 d5 2. Nf3 Nf6 3. c4 e6 4. g3 Bb4+ 5. Bd2 Be7 6. Bg2 b6 7. O-O O-O 8. Ne5 Bb7 9. Nc3 c6 ({RR} 9... Nfd7 10. Bf4 Nxe5 11. dxe5 c6 12. h4 Nd7 13. cxd5 cxd5 14. e4 g5 15. hxg5 Bxg5 16. Qg4 h6 17. exd5 exd5 18. Nxd5 Bxd5 19. Bxd5 Nxe5 20. Bxe5 Qxd5 21. f4 f5 22. Qh5 Qc5+ 23. Kh2 Kh7 24. Rac1 {1-0 Londono Zamora,D (1896)-Garcia,R 17th American Cont Rapid 2024 (2.136)}) 10. Rc1 dxc4 $146 ({RR} 10... Nbd7 11. Bf4 Rc8 12. e4 dxe4 13. Nxe4 Nxe4 14. Bxe4 Nxe5 15. Bxe5 Bd6 16. c5 bxc5 17. Bxd6 Qxd6 18. dxc5 Qc7 19. Qc2 g6 20. Rfd1 Rcd8 21. Qc3 e5 22. b4 Bc8 23. Qf3 Be6 24. Qf6 Bd5 25. Qf3 {½-½ Timman,J (2630)-Berndt,S (2447) Bundesliga 0506 2005 (5.4)}) 11. e3 Qc7 12. Nxc4 Na6 13. Ne5 c5 14. Nf3 Rad8 15. Qe2 Qb8 16. Nb5 Qa8 17. Rfd1 Ne4 18. Ne5 Bf6 19. Ng4 Be7 20. h4 h5 21. Ne5 g6 22. Be1 Bf6 23. f3 Nd6 24. Nxd6 Rxd6 25. Nc4 Rdd8 26. dxc5 Nxc5 27. b3 Rxd1 28. Rxd1 Rd8 29. Nd6 Ba6 30. Nc4 Bb7 31. e4 Bd4+ 32. Bf2 e5 33. Qc2 Ne6 34. Qc1 Qc8 35. Ne3 Qc5 36. Qxc5 Nxc5 37. Bf1 f5 38. exf5 Bxf3 39. Rd2 Ne4 40. Rc2 gxf5 41. Rc7 f4 42. Bc4+ Kh8 43. gxf4 exf4 44. Nd1 Bxd1 45. Bxd4+ Rxd4 46. Rc8+ Kh7 47. Rc7+ Kh6 48. Rc6+ Rd6 49. Rxd6+ Nxd6 50. Bd5 Kg6 51. Kf2 Kf6 0-1